000 00594cam a22002291 4500
001 sa 63004925
003 DLC
005 20260227111952.0
008 890713s1963 ii 000 0 pano
010 _asa 63004925
025 _aPL480:I-Pu-297
035 _a(OCoLC)20004209
040 _aDLC
_cWaU
_dNSyU
_dDLC
042 _apremarc
050 0 0 _aPK2659.S422
_bM3
100 0 _aShivakumāra.
245 1 0 _aMainūm̐ widā karo,
_cShiva Kumāra.
260 _aAmmritasara,
_bLoka Sāhita Pabalikeshana
_c[1963?]
300 _a112 p.
_c19 cm.
500 _aIn Panjabi.
500 _aPoems.
999 _c55932
_d55932